[Event "GER Schools Cup g/7'+3\""]
[Site "Playchess.com INT"]
[Date "2004.01.20"]
[Round "4.2"]
[White "Claus, Thomas"]
[Black "Dannenbauer, Kai"]
[Result "1-0"]
[WhiteElo "2068"]
[BlackElo "1862"]
[PlyCount "141"]
[EventDate "2004.01.23"]
[EventType "team (blitz)"]
[EventRounds "12"]
[EventCountry "GER"]
[SourceTitle "EXT 2005"]
[Source "ChessBase"]
[SourceDate "2004.11.15"]
[SourceVersion "1"]
[SourceVersionDate "2004.11.15"]
[SourceQuality "1"]

1. d4 d5 2. c4 e6 3. Nf3 Nf6 4. g3 Be7 5. Bg2 0-0 6. 0-0 c6 7. Qd2 Nbd7 8. Qc2 b6 9. Ne5 Bb7 10. Nd2 Qc7 11. Ndf3 c5 12. e3 dxc4 13. Qxc4 Bd5 14. Qe2 cxd4 15. exd4 Rac8 16. Bg5 h6 17. Nxd7 Qxd7 18. Bf4 Be4 19. Ne5 Qd5 20. Bxe4 Qxe4 21. Qxe4 Nxe4 22. Rac1 Bf6 23. Rfd1 Rfd8 24. Kg2 a6 25. Kf3 Ng5+ 26. Bxg5 hxg5 27. Ke4 Bxe5 28. dxe5 f5+ 29. exf6 gxf6 30. Rxd8+ Rxd8 31. Rc6 Kf7 32. Rxb6 Rd2 33. Ke3 Rc2 34. h4 gxh4 35. gxh4 f5 36. h5 Kf6 37. f3 Kg5 38. h6 Kxh6 39. Rxe6+ Kg5 40. f4+ Kh5 41. Rb6 Rg2 42. Kd4 Rf2 43. Ke5 Kg4 44. Rg6+ Kf3 45. Rxa6 Rxb2 46. Ra5 Kg4 47. a4 Rb4 48. Ra6 Rxf4 49. Rg6+ Kf3 50. a5 Rb4 51. a6 Rb5+ 52. Kd4 Ra5 53. Kc4 f4 54. Kb4 Ra1 55. Kb5 Ke2 56. Re6+ Kf2 57. Kb6 Rb1+ 58. Kc7 Ra1 59. Kb7 f3 60. a7 Kg2 61. Ra6 Rb1+ 62. Kc7 Rc1+ 63. Kd7 f2 64. a8Q+ Kf1 65. Qh1+ Ke2 66. Qxc1 f1Q 67. Ra2+ Kd3 68. Qxf1+ Kd4 69. Ra4+ Kc5 70. Qc1+ Kb6 71. Qc6# 1-0